000 00658cam a2200229 4500500
005 20260405002847.0
041 _afre
042 _adc
100 1 0 _aPortevin, Catherine
_eauthor
245 0 0 _aSagesse. Savoir vivre au pied d’un volcan
260 _c2019.
500 _a68
690 _aCharles Pépin
690 _aLucien
690 _aMichel Onfray
690 _aPaul Veyne
690 _aPline
690 _aSagesse
690 _aVolonté
786 0 _nPhilosophie magazine | 126 | 2 | 2019-02-01 | p. 42-45 | 1951-1787
856 4 1 _uhttps://shs.cairn.info/magazine-philosophie-magazine-2019-2-page-42?lang=fr&redirect-ssocas=7080
999 _c2061843
_d2061843